000 00796nam a22002537a 4500
001 8535
003 FISKH
005 20250918110033.0
008 250918b cb ||||| |||| 00| 0 eng d
040 _aFISKH
_beng
_cFISKH
_dFISKH
050 _aPZ7
082 _a813
100 _aAnonymous
245 _aBambi grows up /
_cWalt Disney Productions
260 _aNew York :
_bRandom House,
_c1979.
300 _a42 unnumbered pages :
_bcolor illustrations ;
_c23 cm
505 _aR
520 _aBambi the spotted fawn makes many friends and meets many challenges as he grows up to become the Great Prince of the Forest.
521 8 _a680
_bLexile estimate
521 8 _aR
_bRaz-Plus
650 _aAnimals
_vChildren Fiction
_xPicture Book
942 _2ddc
_cBK
_n0
999 _c8535
_d8535